Thu gendan (Homiletics) Laisiangthou khiatdan (Hermeneutics) Thusinsakna (Teaching) / (Record no. 3791)

MARC details
000 -LEADER
fixed length control field 00484nam a22001697a 4500
003 - CONTROL NUMBER IDENTIFIER
control field GBCCL
005 - DATE AND TIME OF LATEST TRANSACTION
control field 20241126110504.0
008 - FIXED-LENGTH DATA ELEMENTS--GENERAL INFORMATION
fixed length control field 171213b xxu||||| |||| 00| 0 eng d
040 ## - CATALOGING SOURCE
Transcribing agency gbc
082 ## - DEWEY DECIMAL CLASSIFICATION NUMBER
Classification number VER 251
Item number DAM
100 ## - MAIN ENTRY--PERSONAL NAME
Personal name Damkhothang T.
9 (RLIN) 7468
245 ## - TITLE STATEMENT
Title Thu gendan (Homiletics) Laisiangthou khiatdan (Hermeneutics) Thusinsakna (Teaching) /
Statement of responsibility, etc. T. Damkhothang
260 ## - PUBLICATION, DISTRIBUTION, ETC.
Place of publication, distribution, etc. Lamka:
Name of publisher, distributor, etc. Author,
Date of publication, distribution, etc. 2012
300 ## - PHYSICAL DESCRIPTION
Extent 50 p.;
Dimensions 21 cm.
650 ## - SUBJECT ADDED ENTRY--TOPICAL TERM
Topical term or geographic name entry element Preaching
9 (RLIN) 404
942 ## - ADDED ENTRY ELEMENTS (KOHA)
Source of classification or shelving scheme Dewey Decimal Classification
Koha item type Books
Koha issues (borrowed), all copies 8
Holdings
Withdrawn status Lost status Source of classification or shelving scheme Damaged status Not for loan Collection Home library Current Library Shelving location Date acquired Total checkouts Full call number Barcode Date last seen Date last checked out Copy number Price effective from Koha item type
    Dewey Decimal Classification       GRACE BIBLE COLLEGE GRACE BIBLE COLLEGE Vernacular 2017-12-13 2 VER 251 DAM 010368 2025-05-01 2022-03-28 c.1 2017-12-13 Books
    Dewey Decimal Classification       GRACE BIBLE COLLEGE GRACE BIBLE COLLEGE Vernacular 2017-12-13 4 VER 251 DAM 010371 2025-05-01 2023-11-24 c.4 2017-12-13 Books
    Dewey Decimal Classification       GRACE BIBLE COLLEGE GRACE BIBLE COLLEGE Vernacular 2017-12-13 2 VER 251 DAM 010370 2025-11-14 2025-11-07 c.3 2017-12-13 Books
    Dewey Decimal Classification       GRACE BIBLE COLLEGE GRACE BIBLE COLLEGE Vernacular 2018-01-29 1 VER 251 DAM 010369 2025-05-01 2022-04-25 c.2 2018-01-29 Books
© Grace Bible College Library 2025